000 00660nam a2200229Ia 4500
003 OSt
005 20221007070349.0
006 a|||||r|||| 00| 0
007 ta
008 221006b |||||||| |||| 00| 0 eng d
024 _a43,176
037 _cTextual
040 _aFLL
_cFLL
_beng
041 _2eng
_aeng
082 _aX5:(d65,8(B)).2, P8
100 _aSingh A.D.
_9687408
245 0 _aE-Commerce in India
_b assessments and strategies for the developing world
260 _aGurgaon
_bLexisNexis India
_c2008
300 _a302 xxii
_ccm.
942 _hX5:(d65,8(B)).2, P8
_cTEXL
_2CC
999 _c1140256
_d1140256